[Event "Terrassa"]
[Site "Terrassa"]
[Date "1990.??.??"]
[Round "11"]
[White "Spraggett, Kevin"]
[Black "Bellon Lopez, Juan Manuel"]
[Result "1/2-1/2"]
[WhiteElo "2555"]
[BlackElo "2445"]
[Annotator "Ribli,Z"]
[PlyCount "136"]
[EventDate "1990.04.??"]
[EventType "tourn"]
[EventRounds "11"]
[EventCountry "ESP"]
[EventCategory "11"]
[SourceTitle "CBM 019"]
[Source "ChessBase"]
[SourceDate "1990.12.01"]
[SourceVersion "1"]
[SourceVersionDate "1990.12.01"]
[SourceQuality "1"]

1. c4 c5 2. g3 Nc6 3. Bg2 g6 4. Nc3 Bg7 5. a3 a5 6. d3 d6 7. Nf3 e5 8. O-O Nge7
9. Bg5 {-> A 37} f6 10. Be3 (10. Bd2 Be6 11. Ne1 O-O 12. Nc2 d5 $10 {
Landenbergue,C-Mainka,R Praga Bohemians 1990 CBM 17}) 10... Rb8 11. Rb1 O-O 12.
Ne1 Be6 13. Nc2 f5 (13... d5 14. cxd5 Nxd5 15. Nxd5 Bxd5 16. b4 cxb4 17. axb4
axb4 18. Nxb4 $14) 14. Bg5 $5 (14. b4 $5 f4 15. Bd2) 14... h6 15. Bxe7 Nxe7 16.
Qd2 Qd7 17. Ne3 b6 18. b4 axb4 19. axb4 b5 $2 20. Nxb5 d5 21. cxd5 Qxb5 (21...
Nxd5 22. Bxd5 Bxd5 23. Nxd5 $14) 22. dxe6 cxb4 23. Rb3 $1 Qa6 24. Rxb4 Qxe6 25.
Rfb1 $16 Rxb4 26. Qxb4 Kh7 27. Qa3 Rd8 28. Qa7 Rd7 29. Qa8 Rd6 30. Rb7 Rb6 31.
Qe8 Rxb7 32. Bxb7 Qd6 33. Kg2 Qc7 34. Bf3 Qd6 35. h3 Ng8 36. Qa8 Nf6 37. Bc6
Qe7 38. Bb7 Nd7 39. Nd5 Qf8 40. Qa5 Nc5 41. Qc7 Ne6 42. Qd7 Nc5 43. Qc6 e4 44.
Ba6 exd3 45. Bxd3 Be5 46. Bc4 h5 47. e3 Kh6 48. Qb6 Ne4 49. Qc6 Qd6 50. Qe8 Qb8
51. Qxb8 Bxb8 52. Bd3 Nc5 53. Bb5 Ne4 54. Be8 Nd6 55. Bd7 Ne4 56. Nf4 Nf6 57.
Be6 Kg7 58. Ba2 Ne4 59. Bd5 Nd6 60. Bc6 Kf6 61. h4 Nc8 62. Be8 Ne7 63. Kf3 Bd6
64. Ke2 Ba3 65. Kd3 Bc1 66. Kc4 Ba3 67. Kd3 Bd6 68. f3 Bb8 {Ribli} 1/2-1/2

[Event "Bermuda-A"]
[Site "Bermuda"]
[Date "2003.01.28"]
[Round "4"]
[White "Markowski, Tomasz"]
[Black "Gershon, Alik"]
[Result "1-0"]
[WhiteElo "2574"]
[BlackElo "2571"]
[Annotator "Ribli,Z"]
[PlyCount "121"]
[EventDate "2003.01.25"]
[EventType "tourn"]
[EventRounds "11"]
[EventCountry "BER"]
[EventCategory "15"]
[SourceTitle "CBM 094"]
[Source "ChessBase"]
[SourceDate "2003.05.26"]
[SourceVersion "1"]
[SourceVersionDate "2003.05.26"]
[SourceQuality "1"]

1. g3 {Der polnische Großmeister beginnt praktisch immer mit diesem
genuegsamen Zug.} c5 2. Bg2 Nc6 3. c4 (3. e4 $5 {Dieser Zug waere interessant
- ich bemerke, dass nach in der Sizilianische Verteidigung - nach 1.e4 c5 2.g3
Schwarz spielt gewoenlich nicht 2...Nc6, sondern 2...d5.}) 3... g6 4. Nc3 Bg7
5. Nf3 e5 {Die Alternativen sind 5...e6 und 5...Nf6. Mit dem Tetzug schwächt
Schwarz d5, aber überdeckt dafür d4.} 6. d3 d6 7. a3 Nge7 8. Rb1 a5 {Auf diese
Weise verhindert Schwarz die Moeglichkeit 9.b4, aber er hat schon zwei
positionelle Schwächungen - b5 und d5.} 9. O-O O-O 10. Bd2 Rb8 (10... h6 {
Dieser Bauernzug waere die andere Moeglichkeit fuer Schwarz - mit diesem Zug
er bereitet den Zug 11...Be6 vor und verteidigt sich gegen Ng5.}) 11. Qa4 Be6 (
11... Bg4 12. Nb5 Qd7 13. b4 axb4 14. axb4 b6 15. Qc2 Rfc8 16. e3 d5 17. bxc5
bxc5 {1/2-1/2 Degerman,L-Wedberg,T/Sweden SWE 2002/(17)}) (11... Bd7 12. Rfc1
Nd4 13. Qd1 Bc6 14. e3 Ne6 15. b4 axb4 16. axb4 cxb4 17. Nb5 {1-0 Ribli,
Z-Hellers,F/Amsterdam 1986/CBM 01 (33) Ribli.}) (11... b6 12. Rfc1 Bd7 13. Qd1
h6 14. Ne1 Be6 15. Nc2 d5 16. cxd5 Nxd5 17. b4 cxb4 18. Nxd5 Bxd5 19. Bxd5 Qxd5
20. axb4 e4 21. Ne3 Qe6 22. dxe4 Qxe4 23. Qc2 Qxc2 24. Nxc2 {1/2-1/2
Dizdarevic,E-Oral,T/Batumi 1999/CBM 74 (24)}) 12. Nb5 {[%csl Gb5][%cal Gb2b4]
Mit diesem Zug bereitet Weiß 13.b4 vor.} (12. Ng5 $5 Bd7 13. Nge4 Nd4 14. Qd1
Bc6 15. b4 axb4 16. axb4 cxb4 $5 17. Rxb4 f5 18. Ng5 h6 19. Nf3 Ne6 $5 20. Qb1
g5 $5 $132 {1/2-1/2 Gurevich,M-Maksimenko,A/Niksic 1996/EXT 2000/[Gurevich,M] 
(40)}) 12... h6 {Auf diese Weise sichert Schwarz seine Läuferstellung auf e6
und er muss nicht mit Ng5 rechnen.} 13. b4 {[%mdl 32] Nach diesem Zug bekommt
Weiß einige Initiative am Damenfluegel.} axb4 14. axb4 cxb4 (14... b6 $5) 15.
Bxb4 Nxb4 (15... Ra8 $5 16. Qc2 $14 (16. Qb3 Nxb4 17. Qxb4 d5 18. Nd2 Ra2 $132)
) 16. Qxb4 d5 17. Nd2 (17. cxd5 Nxd5 18. Qd2 f5 $13 {[%cal Ge5e4]}) 17... Qd7 (
17... dxc4 18. Nxc4 $14) 18. Qd6 Rfd8 (18... Qxd6 19. Nxd6 b6 20. Rfc1 $14) 19.
Qxd7 Rxd7 20. Rfc1 $14 {Weiß hat die bessere Bauernstruktur, was mehr bedeutet
als das schwarze Läuferpaar und dessen nomineller Zentrumsvorteil. Weiß hat
aktives Figurenspiel am Damenfluegel, besonders mit der Unterstuetzung des Bg2,
weil der Bg7 etwas passiv steht.} f5 21. cxd5 Nxd5 22. Nc4 {[%csl Gb5,Gc4]
[%cal Gb5d6,Gc4d6]} Rbd8 (22... g5 23. Bxd5 Bxd5 24. Nb6 Rdd8 25. Nxd5 Rxd5 26.
Nc7 $14) 23. h4 (23. Bxd5 Bxd5 24. Nb6 Re7 25. Nxd5 Rxd5 $11) 23... Kh7 (23...
h5 $14) 24. Kh2 Bg8 25. h5 $5 {Weiß opfert einen Bauern fuer die Initiative.}
gxh5 (25... g5 26. e4 $14) 26. Bh3 {[%cal Gh3d7]} Be6 27. e4 Nf6 {[%cal Gf6g4,
Gg4h2]} (27... Ne7 28. Nbd6 Rxd6 29. Nxd6 Rxd6 30. Rxb7 $36 {[%cal Gb7h7]}) 28.
Nxe5 Ng4+ (28... Re7 29. Rc7 $16) 29. Bxg4 Bxe5 30. Bxf5+ Bxf5 31. exf5 Rxd3 {
Nach Vereinfachungen haben wir eine Stellung, in der Weiß die bessere
Bauernstruktur besitzt, aber das Material ist reduziert.} 32. Re1 R3d5 (32...
R8d5 33. Na7 {[%cal Rb1b7,Rb7h7]} Kg7 34. Rxb7+ Kf6 35. Nc6 $16) 33. f4 (33.
Nc7 Bxc7 34. Re7+ Kg8 35. Rxc7 Rxf5 $11) 33... Bg7 34. Nc7 Rxf5 35. Re7 $16 {
[%cal Rb1b7,Re7h7] Droht jetzt 36.Rxg7+ Kxg7 37.Ne6+ mit Figurengewinn..} Rdf8
36. Rxb7 {36.Ne8 oder 36.Ne6 sind auch moeglich, aber mit der
Partiefortsetzung erreicht Weiß dieselbe Stellung.} (36. Ne8 R8f7 37. Rbxb7 Kg8
38. Rxf7 Rxf7 39. Rxf7 Kxf7 40. Nxg7 Kxg7 41. Kg2 Kf6 42. Kf2 $1 (42. Kf3 $2
Kf5 $11) 42... Ke6 43. Ke3 Kf5 44. Kf3 Kf6 45. Ke4 $18) (36. Ne6 R8f7 37. Rbxb7
{und mit Zugumstellung erreichen wir die Variante 36.Ne8!}) 36... R8f7 37. Ne8
(37. Ne6) 37... Kg8 38. Kh3 $6 {Statt dieser Fortsetzung konnte Weiß im
Bauernendspiel eine Gewinnstellung erreichen.} (38. Rxf7 $1 Rxf7 39. Rxf7 Kxf7
40. Nxg7 Kxg7 41. Kg2 Kf6 42. Kf2 (42. Kf3 $2 Kf5 $11) 42... Ke6 43. Ke3 Kf5
44. Kf3 $18) 38... Bf8 39. Rxf7 Rxf7 40. Rb5 {[%csl Rh5][%cal Rb5h5][%mdl 4096]
Mit diesem Zug gewinnt Weiß einen Bauern.} Kh7 41. Rxh5 Be7 42. Rb5 Kg6 43. Nc7
(43. Rb7 Bf8 44. Rb6+ Kh7 45. Nf6+ $16) 43... h5 44. Nd5 (44. Ne6 $16) 44...
Bd8 45. Rc5 Kf5 46. Ne3+ Ke4 $6 (46... Kg6 $5) 47. Re5+ Kf3 48. Nf5 Bc7 49.
Nd4+ Kf2 50. Re2+ Kf1 51. Re4 {Weiß muss den f4-Bauern verteidigen, sonst kann
Schwarz den Läufer gegen zwei Bauern geben.} (51. Re8 Bxf4 52. gxf4 Rxf4 $14)
51... Kf2 52. Ne6 Bb8 53. Rb4 Ba7 (53... Bd6 54. Rb2+ Ke3 55. Rb3+ Ke2 56. Kh4
$16) 54. Rb2+ Kf1 (54... Ke3 55. Kh4 $16) 55. Rb5 $18 {[%csl Rf1,Gf4,Rh5]} Re7
56. f5 Bf2 57. Rb1+ Be1 (57... Ke2 58. Nf4+ Kf3 59. Nxh5 $18) 58. Nf4 {[%cal
Rf4d3,Rd3e1,Rf4g2,Rg2e1]} Re3 59. Nxh5 Kf2 60. Kg4 Bc3 61. Rc1 1-0

[Event "Harplinge"]
[Site "Harplinge"]
[Date "1998.08.18"]
[Round "4"]
[White "Hansen, Curt"]
[Black "Lautier, Joel"]
[Result "1-0"]
[WhiteElo "2610"]
[BlackElo "2625"]
[Annotator "Ribli,Z"]
[PlyCount "101"]
[EventDate "1998.08.15"]
[EventType "tourn"]
[EventRounds "9"]
[EventCountry "SWE"]
[EventCategory "12"]
[SourceTitle "CBM 067"]
[Source "ChessBase"]
[SourceDate "1998.11.30"]
[SourceVersion "2"]
[SourceVersionDate "1998.11.01"]
[SourceQuality "1"]

{[%mdl 1088]} 1. c4 c5 2. Nc3 Nc6 3. g3 g6 4. Bg2 Bg7 5. Nf3 d6 (5... e6 {
Meines Erachtens bietet dieser Zug dem Schwarzen gute Ausgleichschancen. Ribli.
}) 6. O-O e5 {Schwarz hat zwar eine eige positionelle Schwäche auf d5, kann
aber seinen Springer nach e7 entwickeln, wonach ...f7-f5 möglich wird.} 7. a3
Nge7 {[ 7..a5 ] Schwarz verhindert nicht das weiße Vorgehen am Damenflügel mit
7...a5. Dieser Zug würde zwar den schwarzen Damenflügel schwächen, sei aber
trotzdem empfohlen.} 8. b4 O-O (8... Be6 $2 9. Ng5 $1 Bxc4 10. d3 Be6 (10...
cxb4 11. axb4 Be6 12. Nxe6 fxe6 13. b5 Nd4 14. e3 Qc7 15. Bd2 Ndf5 16. b6 Qxb6
17. Qa4+ Kf7 18. Rfb1 {1-0 Ftacnik,L-Danner,G/Wien op1986 (28)}) 11. bxc5 dxc5
12. Nxe6 fxe6 13. Ne4 b6 $14 {Petursson,M-Arnason,J/Reykjavik m 1989}) (8... e4
9. Ne1 Be6 (9... f5 10. Bb2 O-O (10... Be6 11. d3 exd3 12. Nxd3 Bxc4 13. bxc5
O-O 14. Na4 Bf7 15. Bxg7 Kxg7 16. Nf4 {1-0 Surajev-Mijailovic,Z/Belgrade 1991 
(35)}) 11. d3 Be6 12. Rb1 exd3 13. Nxd3 cxb4 (13... Bxc4 14. bxc5 dxc5 15. Nxc5
{1/2-1/2 Dizdar,G-Cramling,P/Debrecen EU-chT 1992 (26)}) 14. Nd5 Ne5 15. N3xb4
Rb8 16. Bd4 {1/2-1/2 Petursson,M-Ernst,T/Gausdal 1985 (40)}) 10. Rb1 f5 11. f3
cxb4 12. axb4 exf3 13. Nxf3 Bxc4 14. b5 Na5 15. Ba3 O-O 16. Bb4 Nd5 17. Nxd5
Bxd5 18. Qa4 Nc4 {1/2-1/2 San Segundo,P-Fernandez Garcia,J/ESP-chT 1995 (18)})
(8... cxb4 9. axb4 Nxb4 10. Qb3 (10. Ba3 Nbc6 11. Nb5 O-O)) 9. Rb1 {Weiß hat
freie Hand am Damenflügel, aber die Stellung ist nicht ganz klar.} f5 (9... Bf5
10. d3 b6 11. Nh4 Rc8 12. Nxf5 Nxf5 13. e3 Nfe7 14. Bd2 {1-0 Karlsson,L-Ofstad,
P/Oslo 1994 (54)}) 10. Nd5 e4 $13 (10... h6 11. d3 g5 12. Nd2 Ng6 13. Nb3 cxb4
14. axb4 Be6 15. b5 Nce7 16. Nxe7+ Qxe7 17. Ba3 {1-0 Rotstein,A-Bolding,K/
Cannes 1996 (28)}) (10... Nxd5 11. cxd5 Ne7 12. Ng5 $14 {[%csl Ye6]}) 11. Ng5
cxb4 (11... Nxd5 12. cxd5 Nd4 (12... Qxg5 13. d3 Qe7 14. dxc6 bxc6 15. bxc5
dxc5 16. dxe4 fxe4 17. Qa4 Bf5 $13) 13. d3 Nb5 $13) (11... h6 12. Nh3 Nxd5 13.
cxd5 Ne5 14. Nf4 $14) 12. d3 $5 {Weiß opfert einen Bauern und öffnet die
Stellung.} bxa3 (12... h6 13. Nh3 $14 {[%cal Gh3f4]}) (12... Nxd5 13. cxd5 Ne7
14. dxe4 $14) 13. Bxa3 Nxd5 (13... h6 14. Nh3 exd3 15. Qxd3 $44) 14. cxd5 Qxg5
(14... Nd4 15. Ne6 Bxe6 (15... Nxe6 16. dxe6 Bxe6 17. dxe4) 16. dxe6 Qe7 17.
dxe4 $14) 15. dxc6 bxc6 16. dxe4 fxe4 $6 (16... Rd8) 17. Qxd6 (17. Bxd6 Rd8 {
[%cal Gd8d1]}) 17... Re8 18. Qxc6 Bf5 (18... Bg4 $6 19. Bxe4 (19. Qc4+ Kh8 20.
Bxe4 Rac8) 19... Bxe2 20. Rfe1 $16 {[%csl Gc6,Ge1,Re2,Ge4,Rg8]}) 19. Rb7 Qf6 (
19... a5 20. Qc4+ Kh8 21. Qc7 {[%cal Rb7h7]}) 20. Qc4+ Be6 (20... Kh8 21. Bb2
$18) (20... Qe6 21. Qc7 $18) 21. Qxe4 $16 Bf7 (21... Bf5 22. Qc4+ Be6 23. Qa4 {
[%csl Ra7][%cal Ra3b2,Rb2g7]}) 22. Qb1 Rad8 (22... Rxe2 $2 23. Rxf7 $18) 23.
Bb2 $1 (23. Rxa7 Rxe2 $14) 23... Qe6 24. Bxg7 Kxg7 25. Qa1+ Qf6 26. Bf3 (26.
Qxa7 Rxe2) 26... a6 27. Rc1 (27. Rb6 Qxa1 28. Rxa1 Bc4) 27... Qxa1 (27... Rd6
28. Ra7 Qxa1 29. Rxa1 Ree6 {Das ist mit Zugumstellung die Partiefortsetzung.})
28. Rxa1 Rd6 29. Ra7 Ree6 30. e3 {[%cal Rf3e2,Re2a6]} Rf6 31. Rd1 (31. Be2 Rd2
32. Kf1 $5) 31... Kg8 (31... Rxd1+ 32. Bxd1 Kg8 33. Be2 {[%csl Ra6]}) 32. Rxd6
Rxd6 33. Be2 Rd2 34. Kf1 (34. Bxa6 Rd1+ (34... Ra2 35. Ra8+ Kg7 36. Bb7) 35.
Kg2 Bd5+ (35... Ra1 36. Ra8+ Kg7 37. Bb7) 36. Kh3 Ra1) 34... Bd5 35. f3 (35.
Bxa6 Bf3 (35... Ra2 36. Rd7 Bf3 37. Bc4+) 36. Bc4+ Kh8 37. Ra1) 35... Rb2 36.
Rc7 (36. Rxa6 Rxe2 37. Kxe2 Bc4+) 36... Rb1+ (36... a5 37. Rc5) 37. Kf2 Rh1 (
37... Rb2 38. e4) 38. h4 (38. Kg2 Re1 39. Kf2 (39. Bxa6 Rxe3)) 38... Rh2+ 39.
Kf1 Rh1+ 40. Kf2 Rh2+ 41. Kf1 Rh1+ 42. Kg2 (42. Kf2 $4 $11 {Jetzt könnte
Schwarz mit 42...Rh2 das Remis wegen dreimaligen Stellungswiederholung
reklamieren.}) 42... Ra1 (42... Re1 43. Kf2 Rh1 44. e4 $16) 43. e4 Ra2 44. Kf2
Bf7 45. Ke3 Ra4 46. Kf4 a5 (46... Ra5 47. Bc4 Bxc4 48. Rxc4 $18 {Das
Turmendspiel ist elementar gewonnen für Weiß. Der schwarze a-Bauer ist dabei
bedeutungslos.}) 47. Ra7 Ra3 48. Ke5 $18 Kg7 49. f4 (49. Bc4 $6 Rxf3 50. Bxf7
Rxf7 51. Rxa5 $16) 49... Rc3 (49... Rxg3 50. Bc4 $18) 50. Kd4 (50. Rxa5 Rxg3
$14) 50... Rc2 (50... Ra3 51. Bc4 $18) (50... Rxg3 51. Bc4 $18) 51. Bb5 {
Schwarz gab auf. Er verliert den a-Bauern und seine Lage ist damit
hoffnungslos.} (51. Bb5 Ra2 52. Rxf7+ Kxf7 53. Bc4+ $18 {[%cal Rc4a2,Rc4f7]})
1-0

[Event "Reykjavik zt playoff"]
[Site "Reykjavik"]
[Date "1995.??.??"]
[Round "?"]
[White "Olafsson, Helgi"]
[Black "Cramling, Pia"]
[Result "1/2-1/2"]
[WhiteElo "2520"]
[BlackElo "2520"]
[Annotator "Ribli,Z"]
[PlyCount "81"]
[EventDate "1995.04.??"]
[EventType "tourn"]
[EventRounds "5"]
[EventCountry "ISL"]
[EventCategory "12"]
[SourceTitle "CBM 047"]
[Source "ChessBase"]
[SourceDate "1995.08.01"]
[SourceVersion "1"]
[SourceVersionDate "1995.08.01"]
[SourceQuality "1"]

1. c4 c5 2. Nc3 g6 3. g3 Bg7 4. Bg2 Nc6 5. a3 d6 6. Rb1 a5 7. Nf3 e5 8. O-O
Nge7 9. Ne1 (9. d3 O-O 10. Bd2 Rb8 (10... h6 $5) 11. Qa4 Bg4 12. Nb5 Qd7 13.
Qc2 $14 {/\ b4 Csom,I-Cramling,P/Bern/1992/EXP26/INF54,45/}) 9... Be6 10. d3
O-O 11. Nc2 d5 12. cxd5 Nxd5 13. Ne3 (13. Nxd5 Bxd5 14. Bxd5 Qxd5 15. b4 cxb4
16. axb4 a4 $15 {Lewi,J-Barczay,L/Lublin/1969/INF08,56/}) (13. Ne4 b6 14. Bd2
a4 $10 {Stefansson,H-Ghinda,M/Athens/1993/INF59,70/}) 13... Nxe3 {Das ist eine
Neuerung.} (13... Nde7 14. Nc4 b6 15. Qa4 Bd7 16. Qb3 Rb8 17. Bg5 Nd4 $13 {
Barlov,D-Cramling,P/Biel-B/1990/CBM19/}) 14. Bxe3 Nd4 $5 {Schwarz hat dieses
interessante Bauernopfer sicher schon zu Hause analysiert.} 15. Bxb7 Rb8 16.
Bg2 c4 17. dxc4 Bxc4 {Droht /\ Ne2.} 18. Re1 Bb3 19. Qd2 Qd6 (19... Bc2 $6 20.
Rbc1 Rxb2 21. Nd1 $1 Ra2 22. Bxd4 Qxd4 23. Qxd4 exd4 24. Bd5 $1 Bh6 25. f4 Re8
26. Bxa2 d3 27. Kf1 d2 28. Rxc2 $18) 20. Ne4 Qb6 21. Bxd4 exd4 22. Rbc1 Bd5 {
Jetzt hat Weiss zwei Moeglichkeiten den Mehrbauern zurueckzugeben. Ich denke
beide gibt bessere Chancen fuer Weiss. Nicht so einfach zu waehlen.} 23. Nf6+ (
23. Nc5 Bxg2 24. Kxg2 Qxb2 25. Qxb2 Rxb2 26. Nd3 Ra2 27. Ra1 Rxa1 28. Rxa1 $14
{Weiss steht minimal besser, weil sein Springer besser als der schwarze Laeu-
fer steht und der d4-Bauer ist auch schwach.}) 23... Bxf6 24. Bxd5 Qxb2 25. Qf4
{In Betracht kommt 25.Qd3 auch mit der Idee Rb1.} Rb5 $1 {Die anderen Zuege
sind schlechter.} (25... Kg7 26. Rc6 $16) (25... Bg7 26. Rc7 $16) 26. Qf3 Qd2
27. a4 Rb6 28. Red1 Qb4 29. Rc4 Qe7 {Endlich kehrt die Dame zurueck, weil
Schwarz sie bei der Verteidigung braucht.} 30. Rdc1 Be5 31. Qe4 Re8 32. Rc5 Bd6
33. Qxe7 Rxe7 34. Rxa5 (34. Rc6 Rxc6 35. Rxc6 Bb4 $10) 34... Rxe2 35. Ra7 Re7
36. Ra8+ Kg7 37. a5 Rb4 38. a6 d3 39. Rd1 Rd4 40. Bb3 Bc5 41. Rc8 {Ribli}
1/2-1/2

[Event "Ter Apel"]
[Site "Ter Apel"]
[Date "1991.03.02"]
[Round "5"]
[White "Wojtkiewicz, Aleksander"]
[Black "Bellon Lopez, Juan Manuel"]
[Result "0-1"]
[WhiteElo "2540"]
[BlackElo "2495"]
[Annotator "Ribli,Z"]
[PlyCount "70"]
[EventDate "1991.02.25"]
[EventType "tourn"]
[EventRounds "5"]
[EventCountry "NED"]
[EventCategory "11"]
[SourceTitle "CBM 024"]
[Source "ChessBase"]
[SourceDate "1991.10.01"]
[SourceVersion "1"]
[SourceVersionDate "1991.10.01"]
[SourceQuality "1"]

1. Nf3 c5 2. g3 Nc6 3. c4 e5 4. Nc3 g6 5. Bg2 Bg7 6. a3 d6 7. O-O a5 8. Ne1 Be6
9. d3 Nge7 10. Nc2 d5 11. cxd5 Nxd5 12. Ne3 (12. Nxd5 Bxd5 13. Bxd5 Qxd5 14.
Ne3 Qe6 15. Bd2 O-O 16. a4 Rfd8 17. f3 Nd4 18. Nc4 b6 19. Bc3 Rd7 $13 {Denker,
A-Ernst,T New York op 1990 EXP/16}) 12... Nde7 13. Ne4 b6 14. Qa4 (14. Ng5 Bd7
15. Nc4 O-O 16. f4 h6 17. Nf3 exf4 18. Bxf4 Be6 19. Rc1 Nd5 $13 {Yermolinsky,
A-Wedberg,T New York op 1991 CBM/23}) 14... O-O 15. Nxc5 bxc5 16. Bxc6 Nxc6 17.
Qxc6 Rc8 18. Qa4 f5 19. Nc4 f4 20. Qxa5 Qg5 $44 21. f3 e4 $1 22. Qa6 Bh3 23.
Bxf4 Rxf4 24. dxe4 Bd4+ 25. Kh1 Rcf8 $1 26. Rfd1 Rxe4 $1 27. fxe4 Qh5 28. Ne3
Bxe3 29. Qc4+ Kg7 30. Qc3+ Bd4 31. Rxd4 cxd4 32. Qxd4+ Rf6 33. Qa7+ Kh6 34.
Qe3+ g5 35. Kg1 Qf7 0-1

[Event "New York op"]
[Site "New York"]
[Date "1991.??.??"]
[Round "4"]
[White "Yermolinsky, Alex"]
[Black "Wedberg, Tom Birger"]
[Result "1/2-1/2"]
[WhiteElo "2565"]
[BlackElo "2465"]
[Annotator "Ribli,Z"]
[PlyCount "121"]
[EventDate "1991.03.??"]
[EventType "swiss"]
[EventRounds "9"]
[EventCountry "USA"]
[SourceTitle "CBM 023"]
[Source "ChessBase"]
[SourceDate "1991.08.01"]
[SourceVersion "1"]
[SourceVersionDate "1991.08.01"]
[SourceQuality "1"]

1. Nf3 c5 2. c4 Nc6 3. g3 e5 4. Nc3 g6 5. Bg2 Bg7 6. a3 a5 7. O-O d6 8. Ne1 (8.
d3 Nge7 9. Bg5 $5) 8... Be6 9. d3 Nge7 10. Nc2 d5 11. cxd5 Nxd5 12. Ne3 (12.
Ne4 b6 13. Ng5 Bc8 14. Ne3 Nde7 15. Qa4 Bd7 16. Nd5 $13 {Azmayparashvili,
Z-Schussler,H Reykjavik Summit 1990 CBM/18}) 12... Nde7 13. Ne4 b6 14. Ng5 Bd7
15. Nc4 O-O 16. f4 h6 17. Nf3 exf4 18. Bxf4 Be6 $11 19. Rc1 Nd5 20. Qd2 Nxf4
21. Qxf4 Rc8 22. Kh1 b5 23. Nce5 Nxe5 24. Nxe5 Bd5 25. Nf3 Re8 26. Rc2 Bb3 27.
Rd2 g5 28. Qg4 Be6 29. Qh5 f5 30. Qg6 Qf6 31. Qxf6 Bxf6 $15 32. d4 Red8 33. e3
Kg7 34. h3 Rd6 35. Re1 c4 36. Rc2 Bf7 37. Kg1 Bg6 38. Rcc1 Bf7 39. Kf2 Re8 40.
Bf1 a4 41. Bg2 Bd5 42. Rcd1 Be4 43. Re2 Re7 44. Ne1 Bxg2 45. Nxg2 Rde6 46. g4
f4 47. Kf3 Re4 48. d5 R4e5 49. e4 Rd7 50. Ne1 Re8 51. Rb1 Rc7 52. Nc2 Be5 53.
Nb4 Kf6 54. Nc6 h5 55. Rg1 Rh7 56. h4 hxg4+ 57. Rxg4 gxh4 58. Nxe5 Kxe5 59.
Rxf4 h3 60. Rf5+ Kd6 61. Rh2 1/2-1/2

[Event "Ter Apel"]
[Site "Ter Apel"]
[Date "1991.02.25"]
[Round "1"]
[White "Wojtkiewicz, Aleksander"]
[Black "Cramling, Pia"]
[Result "0-1"]
[WhiteElo "2540"]
[BlackElo "2470"]
[Annotator "Ribli,Z"]
[PlyCount "64"]
[EventDate "1991.02.25"]
[EventType "tourn"]
[EventRounds "5"]
[EventCountry "NED"]
[EventCategory "11"]
[SourceTitle "CBM 024"]
[Source "ChessBase"]
[SourceDate "1991.10.01"]
[SourceVersion "1"]
[SourceVersionDate "1991.10.01"]
[SourceQuality "1"]

1. Nf3 c5 2. c4 Nc6 3. Nc3 e5 4. g3 g6 5. a3 Bg7 6. Bg2 d6 7. O-O a5 8. d3 Nge7
9. Bg5 f6 10. Bd2 (10. Be3 $5 Be6 11. Ne1 Rb8 12. Nc2 b6 13. b4 axb4 14. axb4
O-O 15. bxc5 bxc5 16. Ra6 $14 {Mednis,E-Warmlander,S Gausdal Troll Masters
1990 EXP/16}) 10... Be6 11. Ne1 O-O 12. Nc2 d5 13. cxd5 Nxd5 14. Nxd5 Bxd5 15.
Bxd5+ Qxd5 16. Ne3 Qe6 17. Rc1 b6 18. Nc4 Rab8 19. a4 f5 20. Bc3 Kh8 21. e3 f4
22. Re1 f3 23. Kh1 Qg4 24. e4 Nd4 25. Bxd4 exd4 26. Rg1 g5 27. Qf1 Rf6 28. h3
Rh6 29. Kh2 Qd7 30. Rh1 Qxa4 31. Qd1 Qd7 32. Qxf3 Rf8 0-1